NBA 75th Anniversary Team - Statistics

General Stats
  • This quiz has been taken 378 times
  • The average score is 52 of 76
Answer Stats
Hint Answer % Correct
Bucks/Lakers Kareem Abdul-Jabbar
97%
Warriors Stephen Curry
97%
Cavaliers/Heat/Lakers LeBron James
93%
Lakers Kobe Bryant
92%
Bulls/Wizards Michael Jordan
92%
Magic/Lakers/Heat/Suns/Cavaliers/Celtics Shaquille ONeal
92%
Celtics Larry Bird
91%
Bucks Giannis Antetokounmpo
90%
Jazz/Lakers Karl Malone
90%
Lakers Magic Johnson
90%
Braves/Rockets/76ers/Bullets/Hawks/Bucks/Spurs Moses Malone
90%
Lakers Jerry West
89%
Mavericks Dirk Nowitzki
88%
Supersonics/Thunder/Warriors/Nets/Suns Kevin Durant
88%
Spurs Tim Duncan
88%
Warriors/76ers/Lakers Wilt Chamberlain
88%
Bulls/Rockets/Trailblazers Scottie Pippen
85%
Thunder/Rockets/Nets/76ers James Harden
84%
76ers Julius Erving
84%
Spurs David Robinson
83%
76ers/Suns/Rockets Charles Barkley
81%
Rockets/Raptors Hakeem Olajuwon
81%
Pistons Isiah Thomas
81%
Jazz John Stockton
81%
Timberwolves/Celtics/Nets Kevin Garnett
81%
Royals/Bucks Oscar Robertson
81%
Bucks/Supersonics/Celtics/Heat Ray Allen
81%
Thunder/Rockets/Wizards/Lakers/Clippers Russell Westbrook
81%
76ers/Nuggets/Pistons/Grizzlies Allen Iverson
80%
Knicks/Supersonics/Magic Patrick Ewing
80%
Celtics Bill Russell
79%
Heat/Bulls/Cavaliers Dwyane Wade
78%
Suns/Mavericks/Lakers Steve Nash
78%
Nuggets/Knicks/Thunder/Rockets/Trailblazers/Lakers Carmelo Anthony
77%
Celtics/Nets/Wizards/Clippers Paul Pierce
77%
Pelicans/Lakers Anthony Davis
76%
Trailblazers Damian Lillard
76%
Pistons/Spurs/Bulls/Lakers/Mavericks Dennis Rodman
76%
Pacers Reggie Miller
76%
Trailblazers/Rockets Clyde Drexler
74%
Spurs/Raptors/Clippers Kawhi Leonard
74%
Mavericks/Suns/Nets/Knicks Jason Kidd
73%
Hawks/Clippers/Celtics/Spurs/Magic Dominique Wilkins
70%
Celtics Kevin Mchale
70%
Hawks/Supersonics/Cavaliers/Trailblazers Lenny Wilkens
70%
Hornets/Clippers/Rockets/Thunder/Suns Chris Paul
69%
Supersonics/Bucks/Lakers/Celtics/Heat Gary Payton
69%
Celtics/Royals Bob Cousy
68%
Lakers James Worthy
66%
Celtics John Havlicek
65%
Lakers Elgin Baylor
60%
Trailblazers/Clippers/Celtics Bill Walton
59%
Hawks Bob Pettit
58%
Warriors/Celtics/Hornets/Bulls Robert Parish
57%
Bullets Wes Unseld
57%
Warriors/Rockets Rick Barry
55%
Spurs/Bulls George Gervin
53%
Hawks/Jazz/Celtics Pete Maravich
53%
Knicks Willis Reed
53%
Lakers George Mikan
51%
Knicks/Cavaliers Walt Frazier
51%
Braves/Knicks/Celtics/Pistons/Nets/Lakers/76ers Bob McAdoo
50%
Rockets/Bullets Elvin Hayes
50%
Celtics Sam Jones
45%
Celtics/Bucks Dawe Cowens
39%
Nationals/76ers Dolph Schayes
38%
Royals/Kings/Nets/Celtics/Bucks Nate Archibald
38%
Warriors Paul Arizin
33%
Nationals/76ers Hal Greer
31%
Pistons/Knicks Dave DeBusschere
29%
Bullets/Knicks Earl Monroe
29%
Warriors/Bulls/Cavaliers Nate Thurmond
29%
76ers Billy Cunningham
28%
Royals/Warriors/Knicks Jerry Lucas
25%
Pistons/Bullets/Celtics Dave Bing
24%
Capitols/Celtics Bill Sharman
20%
No matching quizzes found
Score Distribution
Percent of People with Each Score
Percentile by Number Answered
Your Score History
You have not taken this quiz